| 000 | 00809nam a22001457a 4500 | ||
|---|---|---|---|
| 020 | _a0-7445-9007-8 | ||
| 082 |
_a823 _bHOR/S |
||
| 100 | _aHOROOWITZ, ANTHONY | ||
| 245 | _aSKELETON KEY | ||
| 260 |
_aLONDON _bWALKER BOOKS _c2002 |
||
| 300 | _a315 | ||
| 520 | _aCaroline Ellis (Kate Hudson), a good-natured nurse living in New Orleans, quits her job at a hospice to work for Violet Devereaux (Gena Rowlands), an elderly woman whose husband, Ben (John Hurt), is in poor health following a stroke. When Caroline begins to explore the couple's rundown Bayou mansion, she discovers strange artifacts and learns the house has a mysterious past. As she continues to investigate, she realizes that Violet is keeping a sinister secret about the cause of Ben's illness. | ||
| 650 |
_aNOVEL _zUNITED KINGDOM |
||
| 942 | _cBK | ||
| 999 |
_c3336 _d3336 |
||